00836nam a2200253Ia 4500003000900000008004100009040001300050040001300063041000800076100002000084100000900104245003100113250001100144260001400155260000900169300001200178490002900190490000600219600011400225700002400339942000700363999001700370952019500387IT-RoPAU120407s9999 xx 000 0 und d aIT-RoPAU cIT-RoPAU aita aEnrico Virginio ccur. aSaggi. A cura di V. Enrico aMilano aMondadori c1986 c18,5 cm aOscar classici, 91/92/93 v1 a"v. 1° : Libro Primo p. 351 v. 2° : Libro Secondo p. 486 v. 3° : Libro Terzo p. 361" aMichel de Montaigne cBK c23084d23084 00102ddc406194_21000000000000071aPAULUSbPAULUSd2012-04-11l0o194.21r2012-04-11 00:00:00w2012-04-11yBKzInserito da: Jole In data: 22 luglio 2011 fondo: Via A.Severo 56 Progr:31653